Morské právo

Salvato in:
Dettagli Bibliografici
Autore principale: Vaculčík, Viktor
Natura: Libro
Lingua:slovacco
inglese
tedesco
francese
italiano
Pubblicazione: Bratislava EPOS, Ing. Miroslav Mračko 2013
Soggetti:
Tags: Aggiungi Tag
Nessun Tag, puoi essere il primo ad aggiungerne!!

MARC

LEADER 00000nam a2200000 4500
001 0178805
005 20230109114707.3
020 |a 978-80-562-0021-6 
041 0 |a slo 
041 0 |a eng 
041 0 |a ger 
041 0 |a fre 
041 0 |a ita 
044 |a SK 
245 1 0 |a Morské právo  |c Viktor Vaculčík 
264 1 |a Bratislava  |b EPOS, Ing. Miroslav Mračko  |c 2013 
300 |a 303 s. 
610 2 0 |a právo medzinárodné 
610 2 0 |a more 
610 2 0 |a regióny 
610 2 0 |a história 
610 2 0 |a úpravy právne 
610 2 0 |a zákony 
610 2 0 |a vzťahy medzinárodné 
610 2 0 |a ochrana prostredia životného 
610 2 0 |a obchod medzinárodný 
610 2 0 |a dohody medzinárodné 
610 2 0 |a Organizácia spojených národov 
100 1 |a Vaculčík, Viktor